| 000 | 00934nas a2200301 4500 | ||
|---|---|---|---|
| 001 | BR0504112 | ||
| 003 | BR-BrBNA | ||
| 005 | 20231205105534.0 | ||
| 007 | ta | ||
| 008 | 230509b bl.|||p| |||| 00| 00por d | ||
| 040 |
_aBR-BrBNA _bpor _cBiblioteca Nacional de Agricultura |
||
| 041 | _a(Pt) | ||
| 072 | _aF60; F06; F62 | ||
| 100 | 1 | _aFonseca, N. | |
| 100 | 1 | _aCastro Neto, M.T. de | |
| 100 | 1 | _aLedo, C.A. da S. | |
| 245 | 1 | _aPaclobutrazol e estresse hídrico no florescimento e produção da mangueira (Mangifera indica)'Tommy Atkins' | |
| 650 | _aMANGA | ||
| 650 | _aINIBIDOR DE CRESCIMENTO | ||
| 650 | _aSTRESS | ||
| 650 | _aMICROASPERSÃO | ||
| 650 | _aFLORAÇÃO | ||
| 650 | _aPRODUÇÃO VEGETAL | ||
| 650 | _aPERNAMBUCO | ||
| 773 | 0 |
_tRevista Brasileira de Fruticultura (Brazil) _xISSN 0100-2945 _g(Apr 2005), v. 27(1) p. 21-24 _wBR0504112 |
|
| 909 |
_a202311 _bLúcia _c55 _dLúcia Elande |
||
| 942 |
_2AGRIS _n0 _cANA |
||
| 999 |
_c183453 _d183453 |
||